000 01039nam a2200289 i 4500
003 DO-SdBNP
005 20240305094533.0
006 a||||er|||| 00| 0
007 ta
008 230522e2010 dr ac||er|||| 00| jdspa d
020 _a9789945460551
040 _aDO-SdBNP
_bspa
_cBNPHU
082 4 _222
_bR789c
245 1 3 _aEl columpio de los sonámbulos:
_bantología de minicuentos. /
_cFari Rosario; ilustraciones, Fernándo Ureña Rib
246 1 3 _aAntología de minicuentos.
264 _aSanto Domingo :
_bSantuario,
_c2010
300 _a189 páginas :
_bilustraciones, retratos ;
_c20 cm.
336 _2rdaconten
_atexto
_btxt
337 _2rdamedia
_asin medición
_bn
338 _2rdacarrier
_avolumen
_bnc
500 _aIncluye datos biográficos del autor en las solapas de las cubiertas
500 _aIncluye bibliografía y notas al pie de página
500 _aPortada: Montaje sobre una pintura de Geo Ripley.
590 _aInventariado 2023 / MF
700 1 _aUreña Rib, Fernando,
_d1951-
_930237
942 _2ddc
_cLBS1
999 _c53582
_d53582